Datum a čas kvízu
27
Celkem bodů
Celkový počet nahraných bodů na tomto kvízu bez doplňovacích otázek.
10.
Pořadí na kvízu
Konečné umístění týmu na tomto kvízu.
Zaznamenané odpovědi
| # | Otázka | Odpověď | Body | Výsledky |
|---|---|---|---|---|
| 1. | Na fotce vidíme část peněz zac... | Morava | 0 | |
| 2. | Když se jeden manželský pár vr... | A) koala | 0 | |
| 3. | 70letá herečka Pamela Hayden,... | Milhouse (Van Houten) | 1 | |
| 4. | Jedna evropská automobilka min... | Jaguar | 0 | |
| 5. | Jak se jmenuje fotbalový trené... | Josep „Pep“ Guardiola | 1 | |
| 6. | Začneme ve Sluneční soustavě.... | Uran | 1 | |
| 7. | I druhá otázka se bude týkat S... | D | 0 | |
| 8. | Třetí otázka se bude týkat sou... | Kasiopeja | 1 | |
| 9. | Nyní se podíváme na velmi vzdá... | B) Krabí | 0 | |
| 10. | V poslední otázce se podíváme... | D) pulsar | 0 |